| 000 | 01092nam a2200313 a 4500 | ||
|---|---|---|---|
| 001 | 808 | ||
| 003 | BR-CuiBMT | ||
| 005 | 20231129164655.0 | ||
| 008 | 231113s2017 dfba 000 0 por d | ||
| 020 | _a9788562880056 | ||
| 040 |
_aBR-CuiBMT _cBR-CuiBMT |
||
| 080 |
_a336.22 _22007 |
||
| 090 |
_a336.22 _bS586e _c2. ed. |
||
| 100 | 1 |
_aSilva, Paulo Henrique Feijó da, _d1971- |
|
| 245 | 1 | 0 |
_aEntendendo o plano de contas aplicado ao setor público (PCASP) / _cPaulo Henrique Feijó da Silva, Carlos Eduardo Ribeiro, Jorge Pinto de Carvalho Júnior. |
| 250 | _a2. ed., rev. e ampl. | ||
| 260 |
_aBrasília : _bGestão Pública, _c2017. |
||
| 300 |
_a408 p. : _bil. ; _c25 cm |
||
| 490 | 1 | _aSérie entendendo CASP | |
| 504 | _aInclui bibliografia e índice. | ||
| 650 |
_aContabilidade pública _zBrasil |
||
| 650 |
_aOrçamento público _xContabilidade |
||
| 650 |
_aAdministração pública _zBrasil |
||
| 650 |
_aPlanos de contas públicas _zBrasil |
||
| 700 | 1 | _aRibeiro, Carlos Eduardo | |
| 700 | 1 | _aCarvalho Júnior, Jorge Pinto de | |
| 830 | 0 | _aEntendendo CASP | |
| 942 |
_2udc _cLV |
||
| 999 |
_c808 _d808 |
||